MARC

LEADER 00000nam0a2200000 4500
001 283403
005 20231101235607.0
035 |a (RuTPU)RU\TPU\book\307470 
090 |a 283403 
100 |a 20150206d1984 m y0rusy50 ca 
101 0 |a rus 
102 |a RU 
105 |a a j 001zy 
200 1 |a Диагностирование и прогнозирование технического состояния авиационного оборудования  |e учебное пособие для вузов гражданской авиации  |f В. Г. Воробьев [и др.]  |g под ред. И. М. Синдеева 
210 |a Москва  |c Транспорт  |d 1984 
215 |a 191 с.  |c ил. 
320 |a Библиогр.: с. 190 
606 1 |a Самолеты сверхзвуковые  |2 stltpush  |3 (RuTPU)RU\TPU\subj\53735  |9 71902 
610 1 |a гражданская авиация 
610 1 |a авиационное оборудование 
610 1 |a техническое состояние 
610 1 |a диагностика 
610 1 |a работоспособность 
610 1 |a информационно-методическое обеспечение 
610 1 |a автоматизированные средства 
610 1 |a контроль 
610 1 |a прогнозирование 
610 1 |a учебные пособия 
675 |a 629.735(075.8)  |v 3 
701 1 |a Воробьев  |b В. Г.  |g Владимир Георгиевич 
701 1 |a Глухов  |b В. В.  |g Вячеслав Васильевич 
701 1 |a Козлов  |b Ю. В.  |g Юрий Викторович 
701 1 |a Константинов  |b В. Д.  |g Вилен Дмитриевич 
702 1 |a Синдеев  |b И. М.  |g Игорь Михайлович  |4 340 
801 1 |a RU  |b 63413507  |c 20150206 
801 2 |a RU  |b 63413507  |c 20170831  |g RCR 
942 |c BK